000 00593nam a2200229Ia 4500
003 OSt
005 20221007071537.0
006 a|||||r|||| 00| 0
007 ta
008 221006b |||||||| |||| 00| 0 eng d
024 _a15,729
037 _cTextual
040 _aFLL
_cFLL
_beng
041 _2eng
_aeng
082 _aX72.5:Z3, L2
100 _aCope J.M. Au.
_9688958
245 0 _aBusiness taxation
260 _aLondon
_bCamelot press ltd. London
_c1972
300 _a328p
_ccm.
942 _hX72.5:Z3, L2
_cTEXL
_2CC
999 _c1143639
_d1143639